[Event "St Joao da Madeira op 10th"]
[Site "Sao Joao da Madeira"]
[Date "2013.10.13"]
[Round "7.33"]
[White "Ribeiro, Orlando Camilo Duar"]
[Black "Cardoso, Artur Da Silva"]
[Result "1/2-1/2"]
[WhiteElo "1148"]
[BlackElo "1441"]
[PlyCount "131"]
[EventDate "2013.10.05"]
[EventType "swiss"]
[EventRounds "7"]
[EventCountry "POR"]
[SourceTitle "EXT 2015"]
[Source "ChessBase"]
[SourceDate "2014.11.20"]
[SourceVersion "1"]
[SourceVersionDate "2014.11.20"]
[SourceQuality "1"]

1. e4 e5 2. Nf3 d6 3. Bc4 Bg4 4. h3 Bxf3 5. Qxf3 Nf6 6. Qb3 d5 7. exd5 b6 8. d6 Qd7 9. d4 Bxd6 10. d5 0-0 11. Nc3 a6 12. a4 Qf5 13. Bd3 e4 14. Be2 Qe5 15. Bc4 Nbd7 16. Ne2 Nc5 17. Qc3 Qxc3+ 18. Nxc3 Be5 19. Bd2 Rfd8 20. b4 Nb7 21. Ra3 Bxc3 22. Bxc3 Nxd5 23. Bd2 Nf6 24. Bg5 Rd4 25. Rc3 Nd6 26. Bxf6 gxf6 27. Bb3 Rc8 28. Rg3+ Kf8 29. c3 Rd3 30. Rxd3 exd3 31. f3 Re8+ 32. Kd1 Re2 33. Rg1 c6 34. Kc1 Nf5 35. Bc4 Rc2+ 36. Kb1 Rxc3 37. Rc1 Rxc1+ 38. Kxc1 b5 39. axb5 cxb5 40. Bxd3 Ne3 41. Bxh7 Nd5 42. Bf5 Nxb4 43. Bc8 Nd3+ 44. Kd2 Nf4 45. g3 Nd5 46. Bxa6 Nc7 47. Bc8 Kg7 48. Bf5 Kh6 49. Bc2 Ne6 50. f4 Nc7 51. Bb3 Kg7 52. Ke3 f5 53. Bc2 f6 54. Bxf5 Nd5+ 55. Kd4 Ne7 56. Bd7 Kh6 57. g4 b4 58. Kc4 b3 59. Kxb3 Nd5 60. Bb5 Nxf4 61. Bf1 Kg5 62. Kc4 Kh4 63. Kd4 Nxh3 64. Ke4 Nf2+ 65. Kf5 Nxg4 66. Be2 1/2-1/2

[Event "St Joao da Madeira op 10th"]
[Site "Sao Joao da Madeira"]
[Date "2013.10.06"]
[Round "3.22"]
[White "Cardoso, Artur Da Silva"]
[Black "Batista, Sandro Manuel Almei"]
[Result "0-1"]
[WhiteElo "1441"]
[BlackElo "1758"]
[PlyCount "52"]
[EventDate "2013.10.05"]
[EventType "swiss"]
[EventRounds "7"]
[EventCountry "POR"]
[SourceTitle "EXT 2015"]
[Source "ChessBase"]
[SourceDate "2014.11.20"]
[SourceVersion "1"]
[SourceVersionDate "2014.11.20"]
[SourceQuality "1"]

1. e4 c5 2. Bc4 e6 3. Nf3 d5 4. exd5 exd5 5. Qe2+ Be7 6. Bb5+ Bd7 7. Bxd7+ Nxd7 8. 0-0 Ngf6 9. Re1 Nf8 10. Nh4 Ne6 11. Nf5 0-0 12. Nxe7+ Qxe7 13. d3 Rfe8 14. Bg5 h6 15. Bxf6 Qxf6 16. Qd2 Qxb2 17. Nc3 Nd4 18. Rec1 Qxc3 19. Qxc3 Ne2+ 20. Kf1 Nxc3 21. a4 Re7 22. Ra3 d4 23. Rb3 Rae8 24. a5 Na2 25. Rcb1 Nb4 26. c3 Nxd3 0-1